Christians In Nation Building/ (Record no. 203429)
[ view plain ]
| 000 -LEADER | |
|---|---|
| fixed length control field | 00708nam a22001937a 4500 |
| 005 - DATE AND TIME OF LATEST TRANSACTION | |
| control field | 20240530162153.0 |
| 010 ## - LCCN (DPL NO) | |
| LC control number | ENG-140562 |
| 020 ## - INTERNATIONAL STANDARD BOOK NUMBER | |
| Terms of availability | 850.00 |
| International Standard Book Number | 9788119664139 |
| 035 ## - SYSTEM CONTROL NUMBER | |
| System control number | EN-124094 |
| 037 ## - SOURCE OF ACQUISITION | |
| Stock number | DBAD |
| 082 ## - DEWEY DECIMAL CLASSIFICATION NUMBER | |
| Classification number | 920 |
| 100 ## - MAIN ENTRY--PERSONAL NAME | |
| Personal name | Jayaraj, Lata |
| 245 ## - TITLE STATEMENT | |
| Title | Christians In Nation Building/ |
| Statement of responsibility, etc | By Lata Jayaraj [and] Saveri Raj Augustine |
| 260 ## - PUBLICATION, DISTRIBUTION, ETC. (IMPRINT) | |
| Place of publication, distribution, etc | Bengaluru |
| Name of publisher, distributor, etc | ATC Publishers |
| Date of publication, distribution, etc | 2022 |
| 270 ## - ADDRESS | |
| Address | St Mary's Block, Archdiocesan Pastoral Centre5 Mandidurga Road,Benson Town |
| City | Bengaluru |
| Postal code | 700053 |
| Telephone number | +91-80-25491999 |
| -- | +91-80-25492999 |
| Electronic mail address | info@atcpublishers.com |
| 300 ## - PHYSICAL DESCRIPTION | |
| Extent | 108p. |
| Dimensions | 21cm(hb) |
| Other physical details | ill., col |
| 700 ## - ADDED ENTRY--PERSONAL NAME | |
| Personal name | Augustine, Saveri Raj |
| 9 (RLIN) | 67167 |
| 942 ## - ADDED ENTRY ELEMENTS (KOHA) | |
| Source of classification or shelving scheme | Dewey Decimal Classification |
| Classification part | 920 |
| Item type | English Books |
| Call number suffix | JAY |
| Withdrawn status | Lost status | Not for loan | Collection code | Home library | Current library | Date acquired | Source of acquisition | Cost, normal purchase price | Full call number | Barcode | Copy number | Cost, replacement price | Koha item type |
|---|---|---|---|---|---|---|---|---|---|---|---|---|---|
| Non-fiction | Bawana | Bawana | 30/05/2024 | DBAD | 850.00 | 920 JAY | EN-124094 | 1 | 850.00 | English Books |
